La experiencia mística: estudio preliminar
Saved in:
| Hovedforfatter: | |
|---|---|
| Format: | Bog |
| Sprog: | spansk |
| Udgivet: |
Madrid
Trotta
2004
|
| Udgivelse: | 1a. ed |
| Serier: | Paradigmas, 34
|
| Fag: | |
| Tags: |
Tilføj Tag
Ingen Tags, Vær først til at tagge denne postø!
|
MARC
| LEADER | 00000cam a2200000 a 4500 | ||
|---|---|---|---|
| 001 | UCD4354 | ||
| 003 | CL-VaPUC | ||
| 008 | 160708e20040000sp |||||||||||||||||spa|d | ||
| 020 | |a 8481647101 | ||
| 082 | 0 | 4 | |a 248.22 |b VEL |2 21 |
| 100 | |a Martín Velasco, Juan de Dios |e autor |9 581382 | ||
| 245 | 1 | 3 | |a La experiencia mística: estudio preliminar |
| 250 | |a 1a. ed | ||
| 300 | |a 365 p | ||
| 942 | |c BK | ||
| 945 | |d 20160708 23:22:00 |a dcastane | ||
| 260 | |a Madrid |b Trotta |c 2004 | ||
| 650 | 0 | |a Misticismo |9 265505 | |
| 650 | 0 | |a Mística |9 378376 | |
| 583 | |a last modification |c 20160708 23:22:00 |k Rodrigo Vera | ||
| 490 | 0 | |a Paradigmas, 34 | |
| 999 | |c 365276 |d 365274 | ||
| 952 | |0 0 |1 0 |3 erb |4 0 |6 248_220000000000000_VEL_2004 |7 0 |8 A |9 479068 |a BIBTEO |b BIBTEO |i 5296315 |o 248.22 VEL 2004 |p 5296315 |r 2025-01-17 |w 2019-11-24 |y BK |z Catalogado en:20160708 |k ICR | ||